Meta-analytic procedures for social research /

Praised in the first edition for the clarity of his general framework for conceptualizing meta-analysis, Rosenthal's revised edition covers the latest techniques in the field, such as a new effect size indicator for one size data, a new coefficient of robustness of replication, and more.

Bibliographic Details
Main Author: Rosenthal, Robert, 1933-
Format: eBook
Language:English
Published: Newbury Park, [Calif.] ; London : SAGE, [1991]
Edition:Rev. ed.
Series:Applied social research methods series ; v. 6.
Subjects:
Online Access:Connect to the full text of this electronic book

MARC

Tag First Indicator Second Indicator Subfields
LEADER 00000cam a2200000 a 4500
001 in00003723708
005 20190412184928.0
006 m|||||o||d||||||||
007 cr |||||||||||
008 110112s1991 caua fo 001|0|eng|d
020 |a 9781412984997 (ebook) :  |c No price 
035 |a (StDuBDS)EDZ0000018648 
040 |a StDuBDS  |b eng  |c StDuBDS  |e pn  |d UtOrBLW 
050 4 |a H62 
082 0 4 |a 300.72  |2 22 
100 1 |a Rosenthal, Robert,  |d 1933-  |0 http://id.loc.gov/authorities/names/n79089838 
245 1 0 |a Meta-analytic procedures for social research /  |c Robert Rosenthal. 
250 |a Rev. ed. 
264 1 |a Newbury Park, [Calif.] ;  |a London :  |b SAGE,  |c [1991] 
264 4 |c ©1991 
300 |a 1 online resource (x, 155 pages) :  |b illustrations. 
336 |a text  |b txt  |2 rdacontent 
337 |a computer  |b c  |2 rdamedia 
338 |a online resource  |b cr  |2 rdacarrier 
490 1 |a Applied social research methods series ;  |v v. 6 
520 8 |a Praised in the first edition for the clarity of his general framework for conceptualizing meta-analysis, Rosenthal's revised edition covers the latest techniques in the field, such as a new effect size indicator for one size data, a new coefficient of robustness of replication, and more. 
588 |a Description based on print version record. 
504 |a Includes bibliographical references and index. 
500 |a Electronic resource. 
650 0 |a Social sciences  |x Research.  |0 http://id.loc.gov/authorities/subjects/sh85124014 
655 7 |a Electronic books.  |2 local 
776 1 8 |i Print version :  |z 9780803942462 
830 0 |a Applied social research methods series ;  |v v. 6.  |0 http://id.loc.gov/authorities/names/n84747689 
856 4 0 |u http://proxy.library.tamu.edu/login?url=http://methods.sagepub.com/book/meta-analytic-procedures-for-social-research  |z Connect to the full text of this electronic book  |t 0 
999 f f |s ce106b34-a671-32a6-b4f2-cf9f3b334521  |i 1b390a97-7ab7-3f3f-a288-77ff7766d817  |t 0 
952 f f |a Texas A&M University  |b College Station  |c Electronic Resources  |d Available Online  |t 0  |e H62  |h Library of Congress classification 
998 f f |a H62  |t 0  |l Available Online